[Event "Asuncion CIT op"]
[Site "Asuncion"]
[Date "2023.08.17"]
[Round "8"]
[White "Figari, Esteban"]
[Black "Vazquez, Alejandro1"]
[Result "1-0"]
[WhiteElo "1964"]
[BlackElo "1491"]
[PlyCount "111"]
[EventDate "2023.08.12"]
[EventType "swiss"]
[EventRounds "9"]
[EventCountry "PAR"]
[SourceTitle "CBM 215 Extra"]
[Source "ChessBase"]
[SourceDate "2023.09.30"]
[SourceVersion "1"]
[SourceVersionDate "2023.09.30"]
[SourceQuality "1"]

1. e4 e6 2. d4 d5 3. e5 c5 4. c3 Qb6 5. Nf3 Nc6 6. dxc5 Bxc5 7. Qc2 Bd7 8. Bf4 a5 9. Bd3 h6 10. 0-0 g5 11. Bg3 Nge7 12. Nbd2 Nc8 13. Rae1 a4 14. h3 Na5 15. Nh2 h5 16. h4 gxh4 17. Bxh4 Be7 18. Nhf3 Bxh4 19. Nxh4 Qd8 20. g3 Nb6 21. Kh2 Nac4 22. Ndf3 Qc7 23. Qe2 0-0-0 24. b3 Na5 25. Nd4 Kb8 26. Qd2 Rc8 27. b4 Qxc3 28. Qxc3 Rxc3 29. bxa5 Rxd3 30. axb6 Rxd4 31. a3 Bb5 32. Rd1 Rxh4+ 33. gxh4 Bxf1 34. Rxf1 Rg8 35. f3 f6 36. exf6 Rf8 37. Rg1 Kc8 38. Rc1+ Kb8 39. Rg1 Kc8 40. Rg6 Kd7 41. Rh6 Rf7 42. Kg3 d4 43. Kf4 Kd6 44. Ke4 e5 45. Kf5 d3 46. Rg6 Kd5 47. Rg1 Kd4 48. Ke6 Rf8 49. Ke7 Rh8 50. f7 d2 51. Rg8 d1Q 52. Rxh8 Qxf3 53. f8Q Qxa3+ 54. Kd7 Qxf8 55. Rxf8 e4 56. Ra8 1-0

[Event "Asuncion CIT op"]
[Site "Asuncion"]
[Date "2023.08.15"]
[Round "5"]
[White "Bento, Robert"]
[Black "Figari, Esteban"]
[Result "1-0"]
[WhiteElo "1662"]
[BlackElo "1964"]
[PlyCount "107"]
[EventDate "2023.08.12"]
[EventType "swiss"]
[EventRounds "9"]
[EventCountry "PAR"]
[SourceTitle "CBM 215 Extra"]
[Source "ChessBase"]
[SourceDate "2023.09.30"]
[SourceVersion "1"]
[SourceVersionDate "2023.09.30"]
[SourceQuality "1"]

1. e4 c5 2. Nf3 e6 3. d4 cxd4 4. Nxd4 a6 5. Nc3 Bb4 6. a3 Bxc3+ 7. bxc3 Qc7 8. Bb2 Nf6 9. Bd3 b6 10. 0-0 Bb7 11. Qe2 d6 12. f4 Nbd7 13. Rae1 h5 14. h3 h4 15. e5 Nc5 16. exf6 gxf6 17. Bf5 0-0-0 18. Bg4 Kb8 19. Bf3 d5 20. Qe3 Rhg8 21. Bc1 Rg3 22. Ne2 Rg7 23. Bd2 Rdg8 24. Rf2 Bc6 25. c4 dxc4 26. Nd4 Bb7 27. Bxb7 Qxb7 28. Qf3 Qxf3 29. Nxf3 Na4 30. Kh2 Kc7 31. Nxh4 Rd8 32. Nf3 c3 33. Be3 Nb2 34. Bd4 Rg6 35. Bxc3 Nd1 36. Rxd1 Rxd1 37. g4 a5 38. Kg3 Kc6 39. h4 Kb5 40. Rd2 Rxd2 41. Nxd2 f5 42. g5 Rg8 43. h5 Rc8 44. Nb1 Kc4 45. h6 Kd5 46. Kf3 e5 47. Bxe5 Rxc2 48. h7 Rh2 49. h8Q Rxh8 50. Bxh8 Kc4 51. Be5 Kb3 52. Ke3 b5 53. Bd6 Kc2 54. Kd4 1-0

[Event "Campo Grande Caissa 2nd"]
[Site "Campo Grande"]
[Date "2016.05.15"]
[Round "9"]
[White "Villalba, Marcelo"]
[Black "Figari, Esteban"]
[Result "1-0"]
[WhiteElo "2265"]
[BlackElo "2010"]
[PlyCount "99"]
[EventDate "2016.05.12"]
[EventType "tourn"]
[EventRounds "9"]
[EventCountry "BRA"]
[SourceTitle "EXT 2018"]
[Source "ChessBase"]
[SourceDate "2017.10.13"]
[SourceVersion "1"]
[SourceVersionDate "2017.10.13"]
[SourceQuality "1"]

1. e4 e5 2. Nf3 d6 3. d4 exd4 4. Nxd4 Be7 5. Nc3 c6 6. Bd3 Nf6 7. 0-0 Qb6 8. Nb3 Bg4 9. Qe1 Nbd7 10. h3 Bh5 11. Be3 Qc7 12. f4 h6 13. f5 b5 14. g4 Bxg4 15. hxg4 Nxg4 16. Qg3 Nde5 17. Be2 h5 18. Bd4 h4 19. Qh3 Nf6 20. Bxe5 dxe5 21. a3 a5 22. Bf3 0-0-0 23. Rad1 Rdg8 24. Kh1 Kb7 25. Rg1 a4 26. Nc1 Bc5 27. Rg2 Qa5 28. Nd3 Bd4 29. Ne2 Qb6 30. Nxd4 Qxd4 31. c3 Qe3 32. Re2 Qh6 33. Nxe5 Rd8 34. Rg1 Rhf8 35. Ng4 Qf4 36. Nxf6 gxf6 37. Bg4 Rg8 38. e5 fxe5 39. Qf3 Qxf3+ 40. Bxf3 Rxg1+ 41. Kxg1 f6 42. Be4 Kb6 43. Kh2 Kc5 44. Kh3 Rd6 45. Kxh4 Kc4 46. Bc2 Rd8 47. Kg3 Rg8+ 48. Kf2 Kc5 49. Be4 Rh8 50. Ke3 1-0

[Event "Ponta Pora Caissa 1st"]
[Site "Ponta Pora"]
[Date "2016.04.09"]
[Round "7"]
[White "Figari, Esteban"]
[Black "Mayeregger, Arnold"]
[Result "1-0"]
[WhiteElo "2008"]
[BlackElo "1771"]
[PlyCount "69"]
[EventDate "2016.04.01"]
[EventType "tourn"]
[EventRounds "9"]
[EventCountry "BRA"]
[SourceTitle "EXT 2022"]
[Source "ChessBase"]
[SourceDate "2021.10.06"]
[SourceVersion "1"]
[SourceVersionDate "2021.10.06"]
[SourceQuality "1"]

1. e4 e6 2. d4 d5 3. e5 c5 4. c3 Nc6 5. Nf3 Qb6 6. dxc5 Bxc5 7. Qe2 Nh6 8. Bxh6 gxh6 9. b4 Be7 10. b5 Na5 11. Nbd2 Bd7 12. Nd4 Rc8 13. Qe3 Bg5 14. f4 Be7 15. Be2 Nc4 16. Bxc4 Rxc4 17. Nxc4 dxc4 18. a4 Rg8 19. 0-0 Bc5 20. Rfe1 Qc7 21. Kf1 b6 22. Qe4 Rg4 23. g3 h5 24. Qxh7 h4 25. Qh5 Rg6 26. Qxh4 Qb7 27. Nc6 Qc7 28. Qh8+ Bf8 29. Qh3 Rg8 30. Qg2 Bh6 31. Re3 Kf8 32. Rd1 Bc8 33. Qh3 Rg6 34. Qh4 Kg7 35. Qd8 1-0

[Event "Ponta Pora Caissa 1st"]
[Site "Ponta Pora"]
[Date "2016.04.03"]
[Round "4"]
[White "Figari, Esteban"]
[Black "Gralha, Marcelo Ferreira"]
[Result "1-0"]
[WhiteElo "2008"]
[BlackElo "1984"]
[PlyCount "57"]
[EventDate "2016.04.01"]
[EventType "tourn"]
[EventRounds "9"]
[EventCountry "BRA"]
[SourceTitle "EXT 2022"]
[Source "ChessBase"]
[SourceDate "2021.10.06"]
[SourceVersion "1"]
[SourceVersionDate "2021.10.06"]
[SourceQuality "1"]

1. e4 c6 2. d4 d5 3. e5 Bf5 4. Nd2 Qb6 5. c3 Na6 6. Ngf3 e6 7. h3 h5 8. Nh4 Be7 9. Nxf5 exf5 10. Bd3 g6 11. Qe2 Nc7 12. Nf3 Ne6 13. b4 a5 14. b5 c5 15. dxc5 Bxc5 16. 0-0 f4 17. c4 d4 18. a4 g5 19. Nd2 g4 20. h4 Qd8 21. g3 Be7 22. Ne4 f3 23. Qa2 Nc5 24. Nxc5 Bxc5 25. Re1 Qd7 26. e6 fxe6 27. Bf5 Kf8 28. Bxe6 Re8 29. Bh6+ 1-0

[Event "Asuncion zt 2.5"]
[Site "Asuncion"]
[Date "2015.04.28"]
[Round "2"]
[White "Figari, Esteban"]
[Black "Bento, Robert"]
[Result "1-0"]
[WhiteElo "2017"]
[BlackElo "1672"]
[PlyCount "55"]
[EventDate "2015.04.27"]
[EventType "swiss"]
[EventRounds "9"]
[EventCountry "PAR"]
[SourceTitle "CBM 166 Extra"]
[Source "ChessBase"]
[SourceDate "2015.06.18"]
[SourceVersion "1"]
[SourceVersionDate "2015.06.18"]
[SourceQuality "1"]

1. e4 e6 2. d4 d5 3. e5 c5 4. Nf3 Nc6 5. c3 Bd7 6. dxc5 Bxc5 7. Bd3 f6 8. Qe2 Qc7 9. Bf4 f5 10. Nbd2 h6 11. h4 0-0-0 12. h5 Nf6 13. Nb3 Bb6 14. Nfd4 Ne4 15. Bxe4 dxe4 16. Nb5 Qb8 17. Nd6+ Kc7 18. 0-0-0 Be8 19. Qc4 Bd7 20. Rd2 Rhf8 21. Rhd1 a6 22. Nc5 Bxc5 23. Qxc5 Qa7 24. Qxa7 Nxa7 25. Nxb7 Ba4 26. Nxd8 Rxd8 27. Rxd8 Bxd1 28. Rxd1 1-0

[Event "Asuncion ABC Color op 2nd"]
[Site "Asuncion"]
[Date "2014.01.30"]
[Round "5.2"]
[White "Heinechen, Juan"]
[Black "Figari, Esteban"]
[Result "0-1"]
[WhiteElo "1732"]
[BlackElo "2012"]
[PlyCount "76"]
[EventDate "2014.01.25"]
[EventType "swiss"]
[EventRounds "7"]
[EventCountry "PAR"]
[SourceTitle "EXT 2023"]
[Source "ChessBase"]
[SourceDate "2022.10.05"]
[SourceVersion "1"]
[SourceVersionDate "2022.10.05"]
[SourceQuality "1"]

1. e4 c5 2. Nc3 d6 3. g3 g6 4. Bg2 Bg7 5. d3 Nc6 6. f4 e6 7. Nf3 Nge7 8. 0-0 0-0 9. Be3 b6 10. d4 Ba6 11. Re1 Rb8 12. e5 Nf5 13. dxc5 bxc5 14. exd6 Ncd4 15. Na4 Nxe3 16. Rxe3 Qxd6 17. c3 Nxf3+ 18. Bxf3 Qc7 19. Be2 Rfd8 20. Qf1 Bb7 21. Rd1 Rxd1 22. Qxd1 c4 23. Bf3 Rd8 24. Qc2 Ba6 25. b4 cxb3 26. Qxb3 Rb8 27. Qd1 Bc4 28. Qd2 Qa5 29. Bd1 Rd8 30. Qc2 Bf8 31. Re5 Rd5 32. Rxd5 Qxd5 33. Be2 h5 34. Bxc4 Qxc4 35. Qb3 Qe4 36. c4 h4 37. Kf2 h3 38. Qf3 Qc2+ 0-1

[Event "PAR-ch"]
[Site "Asuncion"]
[Date "2013.11.28"]
[Round "11"]
[White "Butti, Enrique"]
[Black "Figari, Esteban"]
[Result "1-0"]
[WhiteElo "2060"]
[BlackElo "2037"]
[PlyCount "79"]
[EventDate "2013.11.18"]
[EventType "tourn"]
[EventRounds "11"]
[EventCountry "PAR"]
[EventCategory "1"]
[SourceTitle "CBM 157 Extra"]
[Source "ChessBase"]
[SourceDate "2013.12.19"]
[SourceVersion "1"]
[SourceVersionDate "2013.12.19"]
[SourceQuality "1"]

1. d4 d6 2. e4 g6 3. c3 Bg7 4. f4 Nd7 5. Nf3 c5 6. Bc4 Nb6 7. Bxf7+ Kxf7 8. dxc5 Nh6 9. cxb6 Qxb6 10. Qe2 Ke8 11. Be3 Qc6 12. Bd4 e5 13. fxe5 Bg4 14. Nbd2 dxe5 15. Bxe5 Bxe5 16. Nxe5 Bxe2 17. Nxc6 Ba6 18. Nb4 Ng4 19. Nxa6 bxa6 20. Ke2 Ne5 21. Nf3 Nd7 22. Rad1 Ke7 23. Rd4 Nb6 24. b3 a5 25. c4 Rhc8 26. Rc1 Rc5 27. Ne1 Rf8 28. Nd3 Rg5 29. g3 Rh5 30. Rh1 Rc8 31. Nf4 Rhc5 32. Nd5+ Ke6 33. Nxb6 axb6 34. a4 Rf8 35. Rhd1 Re5 36. Ke3 Re8 37. Rd5 Kf6 38. Rxe5 Kxe5 39. Rd5+ Ke6 40. Rb5 1-0

[Event "PAR-ch"]
[Site "Asuncion"]
[Date "2013.11.26"]
[Round "9"]
[White "Kropff Gomez, Ricardo"]
[Black "Figari, Esteban"]
[Result "1-0"]
[WhiteElo "2215"]
[BlackElo "2037"]
[PlyCount "71"]
[EventDate "2013.11.18"]
[EventType "tourn"]
[EventRounds "11"]
[EventCountry "PAR"]
[EventCategory "1"]
[SourceTitle "CBM 157 Extra"]
[Source "ChessBase"]
[SourceDate "2013.12.19"]
[SourceVersion "1"]
[SourceVersionDate "2013.12.19"]
[SourceQuality "1"]

1. Nf3 d6 2. d4 g6 3. c3 Bg7 4. Bg5 Nd7 5. Nbd2 h6 6. Bh4 g5 7. Bg3 f5 8. e3 a5 9. Qc2 Ndf6 10. Bd3 e6 11. 0-0 Ne7 12. c4 0-0 13. c5 Ned5 14. a3 Nh5 15. Rfe1 Nxg3 16. hxg3 g4 17. Nh4 Qg5 18. e4 Ne7 19. exf5 d5 20. Kh2 Nxf5 21. Bxf5 exf5 22. f4 Qf6 23. Rad1 h5 24. Nb3 a4 25. Nc1 Ra6 26. Nd3 Bh6 27. Re5 Re6 28. Rxf5 Qxh4+ 29. gxh4 Rxf5 30. g3 Re4 31. c6 b6 32. Ne5 Bxf4 33. gxf4 Rexf4 34. Kg2 Ba6 35. Ng6 Re4 36. Qxe4 1-0

[Event "PAR-ch"]
[Site "Asuncion"]
[Date "2013.11.25"]
[Round "8"]
[White "Figari, Esteban"]
[Black "Bergonzi, Osvaldo"]
[Result "0-1"]
[WhiteElo "2037"]
[BlackElo "2064"]
[PlyCount "98"]
[EventDate "2013.11.18"]
[EventType "tourn"]
[EventRounds "11"]
[EventCountry "PAR"]
[EventCategory "1"]
[SourceTitle "CBM 157 Extra"]
[Source "ChessBase"]
[SourceDate "2013.12.19"]
[SourceVersion "1"]
[SourceVersionDate "2013.12.19"]
[SourceQuality "1"]

1. e4 d6 2. d4 Nf6 3. Nc3 g6 4. Be2 c5 5. dxc5 Qa5 6. Bf3 Qxc5 7. Be3 Qa5 8. Nge2 Nc6 9. Nd4 Bd7 10. Nb3 Qd8 11. h3 Bg7 12. Qd2 0-0 13. 0-0-0 a6 14. Bg5 Rc8 15. Be2 Nb4 16. Bd3 Rxc3 17. bxc3 Nxa2+ 18. Kb2 Nxc3 19. Qxc3 Nh5 20. Nd4 Qb6+ 21. Kc1 Bxd4 22. Qa3 Rc8 23. Bd2 Bxf2 24. g4 Ng7 25. Rdf1 Ne6 26. Kd1 Bc5 27. Qa2 Bd4 28. Rf3 Qc5 29. Rhf1 Bf6 30. Qa5 Nd4 31. Qxc5 dxc5 32. Rxf6 exf6 33. Rxf6 Be6 34. e5 Nc6 35. Be4 Rc7 36. Rf2 Nxe5 37. Bc3 Rd7+ 38. Kc1 Nc4 39. Bf6 a5 40. c3 a4 41. Re2 a3 42. Bb1 Kf8 43. Ba2 Nb2 44. Bxe6 fxe6 45. Kb1 Nc4 46. Ka2 b5 47. Kb3 Rd1 48. Rxe6 Rb1+ 49. Kc2 a2 0-1

[Event "PAR-ch"]
[Site "Asuncion"]
[Date "2013.11.19"]
[Round "2"]
[White "Figari, Esteban"]
[Black "Bachmann, Axel"]
[Result "0-1"]
[WhiteElo "2037"]
[BlackElo "2545"]
[PlyCount "40"]
[EventDate "2013.11.18"]
[EventType "tourn"]
[EventRounds "11"]
[EventCountry "PAR"]
[EventCategory "1"]
[SourceTitle "CBM 157 Extra"]
[Source "ChessBase"]
[SourceDate "2013.12.19"]
[SourceVersion "1"]
[SourceVersionDate "2013.12.19"]
[SourceQuality "1"]

1. e4 c5 2. Nc3 e6 3. Bc4 a6 4. a4 Nc6 5. d3 Nf6 6. Bg5 Be7 7. Qc1 h6 8. Bd2 d5 9. Ba2 0-0 10. f3 b5 11. axb5 axb5 12. Nxb5 Qb6 13. Nc3 Nb4 14. exd5 exd5 15. Nge2 Bf5 16. Qb1 c4 17. Nc1 Bc5 18. g4 Rfe8+ 19. Kf1 Nxg4 20. fxg4 Qd8 0-1

[Event "Olavarria Magistral op 5th"]
[Site "Olavarria"]
[Date "2005.02.26"]
[Round "5"]
[White "Figari, Esteban"]
[Black "Flores, Diego"]
[Result "1/2-1/2"]
[WhiteElo "2083"]
[BlackElo "2486"]
[PlyCount "132"]
[EventDate "2005.02.24"]
[EventType "swiss"]
[EventRounds "7"]
[EventCountry "ARG"]
[SourceTitle "CBM 105 Extra"]
[Source "ChessBase"]
[SourceDate "2005.05.01"]
[SourceVersion "1"]
[SourceVersionDate "2005.05.01"]
[SourceQuality "1"]

1. e4 c5 2. Nc3 Nc6 3. Nf3 e5 4. d3 d6 5. h3 g6 6. g3 Bg7 7. Bg2 Nge7 8. 0-0 0-0 9. Kh2 Rb8 10. Nd5 Nxd5 11. exd5 Ne7 12. c4 b5 13. Nd2 f5 14. f4 exf4 15. gxf4 bxc4 16. dxc4 Kh8 17. Rb1 Qa5 18. a3 Ng8 19. Nf3 h6 20. Nh4 Kh7 21. Qd3 Bd7 22. b4 Qd8 23. Qg3 Be8 24. Be3 cxb4 25. axb4 Nf6 26. Bf3 Qe7 27. Rfe1 Ne4 28. Bxe4 fxe4 29. c5 g5 30. Ng2 Rf5 31. cxd6 Qxd6 32. Bc5 Qg6 33. Rxe4 Bf7 34. Rbe1 a5 35. fxg5 Rxg5 36. Rg4 Rc8 37. Nf4 Qf5 38. Ne6 Bxe6 39. Rxg5 hxg5 40. dxe6 axb4 41. e7 b3 42. Qxb3 Be5+ 43. Kh1 Qf4 44. Qc2+ Kh6 45. Qf2 Re8 46. Qxf4 Bxf4 47. Rd1 Kg6 48. Kg2 Kf7 49. h4 Kg6 50. Kf3 Bc7 51. Rg1 Bf4 52. Kg4 Kf6 53. Rf1 Kg6 54. h5+ Kf6 55. Rh1 Kf7 56. Kf5 Rc8 57. Bb4 Rb8 58. Re1 Rb5+ 59. Kg4 Ke8 60. Re4 Rb6 61. Rc4 Bd6 62. Bxd6 Rxd6 63. Re4 Rd1 64. Kxg5 Rg1+ 65. Kf6 Rf1+ 66. Ke6 Re1 1/2-1/2

[Event "Asuncion zt 2.5"]
[Site "Asuncion"]
[Date "2003.09.14"]
[Round "1"]
[White "Figari, Esteban"]
[Black "Rojas Keim, Luis Alberto"]
[Result "0-1"]
[WhiteElo "2195"]
[BlackElo "2433"]
[PlyCount "64"]
[EventDate "2003.09.14"]
[EventType "swiss"]
[EventRounds "9"]
[EventCountry "PAR"]
[SourceTitle "CBM 096 Extra"]
[Source "ChessBase"]
[SourceDate "2003.10.22"]
[SourceVersion "2"]
[SourceVersionDate "2003.10.20"]
[SourceQuality "1"]

1. e4 e6 2. d4 d5 3. Nd2 c5 4. Ngf3 Nf6 5. e5 Nfd7 6. c3 f6 7. exf6 Qxf6 8. Bb5 Bd6 9. dxc5 Bxc5 10. Nb3 Bd6 11. Bg5 Qf7 12. Qd2 0-0 13. 0-0-0 a5 14. a4 Na6 15. Be3 Nf6 16. Ng5 Qc7 17. f3 e5 18. Ne4 d4 19. Nxd6 Qxd6 20. Bf2 Be6 21. Na1 Rac8 22. Rhe1 Nd5 23. Bxd4 exd4 24. Qxd4 Nxc3 25. Qxd6 Nxb5+ 26. Kb1 Nxd6 27. Rxe6 Nf5 28. Nb3 Rfd8 29. Rxd8+ Rxd8 30. Nxa5 Rd1+ 31. Ka2 Nb4+ 32. Ka3 Nc2+ 0-1

[Event "Asuncion Mayor op"]
[Site "Asuncion"]
[Date "2001.??.??"]
[Round "7"]
[White "Cubas, Jose Fernando"]
[Black "Figari, Esteban"]
[Result "1-0"]
[WhiteElo "2290"]
[BlackElo "2161"]
[PlyCount "103"]
[EventDate "2001.07.??"]
[EventType "swiss"]
[EventRounds "11"]
[EventCountry "PAR"]
[SourceTitle "EXT 2003"]
[Source "ChessBase"]
[SourceDate "2002.11.25"]
[SourceVersion "1"]
[SourceVersionDate "2002.11.25"]
[SourceQuality "1"]

1. e4 c5 2. Nf3 Nc6 3. d4 cxd4 4. Nxd4 Nf6 5. Nc3 e6 6. Ndb5 Bb4 7. a3 Bxc3+ 8. Nxc3 0-0 9. Bg5 Qa5 10. Qd2 Ng4 11. f3 Nge5 12. Be2 f6 13. Be3 a6 14. 0-0 b5 15. Bc5 Rf7 16. b4 Qd8 17. f4 Nc4 18. Bxc4 bxc4 19. Qe2 d6 20. Rad1 Rd7 21. Qxc4 Qe7 22. Bf2 Bb7 23. Na4 Re8 24. Rd2 Nd8 25. Nb6 Rc7 26. Qd3 Nf7 27. c4 Rd8 28. Rfd1 g5 29. fxg5 Nxg5 30. Qg3 Qg7 31. Rxd6 Rxd6 32. Rxd6 h6 33. Rd8+ Kh7 34. Qxc7 Nf3+ 35. Kh1 Qxc7 36. Rd7+ Qxd7 37. Nxd7 Nd2 38. c5 Nxe4 39. Be1 Kg6 40. Nb8 Kf7 41. a4 Ke7 42. c6 Ba8 43. Nxa6 Bxc6 44. b5 Bd5 45. Nb4 Ba8 46. a5 Nd6 47. b6 Nc4 48. Na6 Bd5 49. Nc5 Kd6 50. b7 Kc7 51. a6 Ne5 52. Bg3 1-0

[Event "PAR-ch Mayor"]
[Site "Asuncion"]
[Date "1999.09.26"]
[Round "11"]
[White "Figari, Esteban"]
[Black "Patriarca, Luis"]
[Result "0-1"]
[WhiteElo "2160"]
[BlackElo "2302"]
[PlyCount "88"]
[EventDate "1999.09.??"]
[EventType "swiss"]
[EventRounds "11"]
[EventCountry "PAR"]
[SourceTitle "EXT 2002"]
[Source "ChessBase"]
[SourceDate "2001.11.25"]
[SourceVersion "1"]
[SourceVersionDate "2001.11.25"]
[SourceQuality "1"]

1. e4 c6 2. d4 d5 3. Nd2 dxe4 4. Nxe4 Nd7 5. Bc4 Ngf6 6. Ng5 e6 7. N1f3 h6 8. Nh3 c5 9. 0-0 Be7 10. Be3 Nb6 11. Bb5+ Bd7 12. Bxd7+ Nbxd7 13. Nf4 cxd4 14. Bxd4 0-0 15. Qe2 Qc7 16. Nxe6 fxe6 17. Qxe6+ Rf7 18. Rfe1 Bc5 19. Rad1 Bxd4 20. Nxd4 Re8 21. Qb3 Rxe1+ 22. Rxe1 Nc5 23. Qc4 Nce4 24. Qe6 Qf4 25. Nf3 Ng5 26. Nxg5 Qxg5 27. Rd1 Nh7 28. f3 Qc5+ 29. Kf1 Qxc2 30. Rd8+ Nf8 31. Qd5 Qb1+ 32. Kf2 Qxb2+ 33. Kf1 Qc1+ 34. Kf2 Qc7 35. h4 b6 36. Qd3 Qc5+ 37. Kf1 Qc1+ 38. Kf2 Qb2+ 39. Kg1 Qxa2 40. h5 Qe6 41. Rd4 Rd7 42. Kf2 Rxd4 43. Qxd4 a5 44. g4 b5 0-1